Kittens in the kitchen / (Record no. 2698)

MARC details
000 -LEADER
fixed length control field 01063pam a2200301 a 4500
005 - DATE AND TIME OF LATEST TRANSACTION
control field 20250211080454.0
020 ## - INTERNATIONAL STANDARD BOOK NUMBER
International Standard Book Number 078073003990
040 ## - CATALOGING SOURCE
Original cataloging agency DLC
Transcribing agency DLC
Modifying agency DLC
Language of cataloging eng
050 00 - LIBRARY OF CONGRESS CALL NUMBER
Classification number PZ7.D2193
082 00 - DEWEY DECIMAL CLASSIFICATION NUMBER
Classification number 823.914
100 1# - MAIN ENTRY--PERSONAL NAME
Personal name Baglio, Ben.M
245 10 - TITLE STATEMENT
Title Kittens in the kitchen /
Statement of responsibility, etc. M. Baglio, Ben ; illustrations by Shelagh McNicholas.
250 ## - EDITION STATEMENT
Edition statement First Scholastic printing, May 1998
260 ## - PUBLICATION, DISTRIBUTION, ETC.
Place of publication, distribution, etc. New York ;
Name of publisher, distributor, etc. Scholastic ,
Date of publication, distribution, etc. 1998
300 ## - PHYSICAL DESCRIPTION
Extent 147 pages :
Other physical details illustrations ;
Dimensions 20 cm.
490 1# - SERIES STATEMENT
Series statement Animal Ark series
Volume/sequential designation Book 1
500 ## - GENERAL NOTE
General note "First published in Great Britain in 1994"--verso t.p.
505 ## - FORMATTED CONTENTS NOTE
Formatted contents note N <br/>
520 ## - SUMMARY, ETC.
Summary, etc. When the stray cat she has adopted has kittens in her school caretaker's cottage, he gives Mandy just a week to find homes for the four babies.
521 ## - TARGET AUDIENCE NOTE
Target audience note 560 <br/>
Source Lexile <br/>
521 ## - TARGET AUDIENCE NOTE
Target audience note N <br/>
Source Raz-Plus <br/>
650 #1 - SUBJECT ADDED ENTRY--TOPICAL TERM
Topical term or geographic name entry element Cats
General subdivision Fiction.
650 #1 - SUBJECT ADDED ENTRY--TOPICAL TERM
Topical term or geographic name entry element Veterinarians
General subdivision Fiction.
700 1# - ADDED ENTRY--PERSONAL NAME
Personal name McNicholas, Shelagh
Relator term illustrator
906 ## - LOCAL DATA ELEMENT F, LDF (RLIN)
a 7
b cbc
c orignew
d 1
e ocip
f 19
g y-gencatlg
942 ## - ADDED ENTRY ELEMENTS (KOHA)
Source of classification or shelving scheme Dewey Decimal Classification
Koha item type Books
Suppress in OPAC No
999 ## -
-- 2698
-- 2698
Holdings
Withdrawn status Lost status Source of classification or shelving scheme Damaged status Not for loan Collection Home library Current library Shelving location Date acquired Total Checkouts Full call number Barcode Date last seen Date last checked out Price effective from Koha item type Copy number
    Dewey Decimal Classification     Juvenile Fiction Footprints International School Library Network Toul Kork Campus Footprints International School Library Network Toul Kork Campus TTP Primary Yellow Bookshelves 01/10/2024 4 BAG 823.914 PZ7.D2193 FIS00467 06/03/2025 05/23/2025 01/10/2024 Books  
    Dewey Decimal Classification     Juvenile Fiction Footprints International School Library Network Toul Kork Campus Footprints International School Library Network Toul Kork Campus TTP Primary Yellow Bookshelves 02/11/2025   BAG 823.914 PZ7.D2193 2025-0490 02/11/2025   02/11/2025 Books 2